Business Telecommunications και Ανάλυση της Ναυτιλιακής Επικοινωνίας : πτυχιακή εργασία

Αποθηκεύτηκε σε:
Λεπτομέρειες βιβλιογραφικής εγγραφής
Κύριος συγγραφέας: Λιγνός, Σπύρος
Συγγραφή απο Οργανισμό/Αρχή: Πανεπιστήμιο Αιγαίου Σχολή Επιστημών της Διοίκησης Τμήμα Διοίκησης Επιχειρήσεων - Τ.Δ.Ε
Άλλοι συγγραφείς: Βαλίρης, Γεώργιος (Εισηγητής διατριβής)
Μορφή: Thesis Βιβλίο
Γλώσσα:Greek
Δημοσίευση: 2007
Θέματα:
Διαθέσιμο Online:http://hdl.handle.net/11610/6973
Ετικέτες: Προσθήκη ετικέτας
Δεν υπάρχουν, Καταχωρήστε ετικέτα πρώτοι!

MARC

LEADER 00000cam a2200000 i 4500
001 1/62973
008 071114s2007 gre d
035 |l 10092289 
040 |a GR-MY-UA  |b gre  |e aacr 
041 0 |a gre 
082 0 |a 621.382  |2 (22) 
100 1 |a Λιγνός, Σπύρος. 
245 1 0 |a Business Telecommunications και Ανάλυση της Ναυτιλιακής Επικοινωνίας :  |b πτυχιακή εργασία /  |c Λιγνός Σπύρος ; επιβλέπων καθηγητής: Βαλίρης Γεώργιος 
260 |c 2007 
300 |a 82 σ.;  |b εικ.;  |c 30 εκ. 
502 # # |a Πτυχιακή εργασία – Πανεπιστήμιο Αιγαίου, Χίος, 2007. 
504 |a Περιλαμβάνει βιβλιογραφια 
610 2 0 |a Πανεπιστήμιο Αιγαίου. 
650 0 0 |a Telecommunication. 
650 0 0 |a Telecommunication systems. 
650 0 0 |a Communication and technology. 
650 0 0 |a Communication, International. 
650 0 0 |a Business  |x Communication systems  |x Data processing. 
650 0 0 |a Dissertations, Academic  |z Greece. 
700 1 |a Βαλίρης, Γεώργιος.  |4 ths 
710 1 |a Πανεπιστήμιο Αιγαίου  |b Σχολή Επιστημών της Διοίκησης  |b Τμήμα Διοίκησης Επιχειρήσεων - Τ.Δ.Ε. 
852 |a INST  |b CHIOS  |c DIATR  |e 20071114  |h 621.382 ΛΙΓ  |p 005200028425  |q 005200028425  |t DIE  |y 23 
852 |a INST  |b CHIOS  |c DIATR  |e 20071114  |h 621.382 ΛΙΓ  |p 005200028439  |q 005200028439  |t DIE  |y 23 
856 |u http://hdl.handle.net/11610/6973 
901 |a BIBL2-2007-3 
909 |a Χ  |b 131346 
909 |a Χ  |b 131347 
924 |a ΛΙΓΝΟΣ  |b ΣΠΥΡΟΣ  |y ΧΙΟΣ  |z 2007-10 
970 |a ΑΤΣΑΛΗ  |b ΔΕΣΠΟΙΝΑ  |z 2007/11/14